000 00303nam a2200121Ia 4500
008 190216s9999||||xx |||||||||||||| ||und||
100 _aChinna S S
245 0 _aAgricultural Economics And Indian Agriculture
260 _bKalyani Publisher
_c1997
300 _a254p
650 _aEconomics
942 _cBK
999 _c10609
_d10609